000
00287nam a2200145Ia 4500
100
_a
Patil/Sachin B
650
_a
Java
942
_c
BK
366
_f
25
245
_a
FAQ's in JAVA
260
_b
Sci tech
_c
2011
082
_a
5.133
_b
PAT
546
_a
ENGLISH
_c
Info.Tech
999
_c
23391
_d
23391